Responses for show #7553 - Wednesday, June 14, 2017

Contestants

Phil Ricciardi, a management consultant from North Wales, Pennsylvania

Becca Arm, a library worker from Herndon, Virginia

Tucker Dunn, an ESL teacher from Tucson, Arizona (whose 3-day cash winnings total $39,999)

Jeopardy! Round responses

1817
STYLES OF COUNTRY MUSIC
THE ARMED FORCES
DESIGN & ARCHITECTURE
CLASSIC CHILDREN'S BOOKS
ENDS IN "Y"
    $200 13
(Phil: What is Yale?)

Harvard

TuckerPhil
    $200 30
Nashville

Tucker
    $200 10
the Marines

Tucker
    $200 8
Gothic

Becca
    $200 2
a heart

Phil
    $200 1
crispy

Becca
    $400 14
Zeus

Becca
    $400 21
(Tucker: What is country-western?)

rockabilly

TuckerPhil
    $400 11
an arsenal

Phil
    $400 9
gables

Phil
    $400 3
Babar

Becca
    $400 7
Sneezy

Becca
    $600 12
Monroe

Tucker
    $600 20
bluegrass

Becca
    $600 17
an aircraft carrier

Becca
    $600 18
Corinthian

Tucker
    $600 4
Peter Pan

Phil
    $600 16
energy

Becca
    $800 15
the Valley of the Kings

Tucker
    $800 22
outlaw

Phil
    $800 19
a sergeant

Phil
    $800 27
mosaic

Becca
    $800 5
Harold and the Purple Crayon

Becca
    $800 25
equity

Phil
    $1000 24
lithium

Phil
    $1000 23
honky-tonk

Phil
    $2,000 29
the Coast Guard

Becca
    $1000 28
Frank Gehry

Becca
    $1000 6
the Bobbsey twins

Becca
    $1000 26
an orderly

Tucker

Scores at the first commercial break (after clue 15):

Tucker Becca Phil
$1,800 $3,400 $1,400

Scores at the end of the Jeopardy! Round:

Tucker Becca Phil
$3,200 $9,000 $6,200

Double Jeopardy! Round responses

COLLEGE HIJINKS
BIBLICAL PAIRS
SIMILES
ENTERTAINING FRUITS & VEGETABLES
SCIENCE
"STAN" BY ME
    $400 1
USC (or University of Southern California)

Tucker
    $400 4
[ERRATUM: Luke 2 describes this address being given to an unquantified group of shepherds, not Mary and Joseph.]

Mary and Joseph

Tucker
    $400 17
a daisy

Becca
    $400 11
the Red Hot Chili Peppers

Phil
    $400 24
clouds

Becca
    $400 12
Pakistan

Phil
    $800 2
Texas A & M

Tucker
    $2,500 7
(Phil: Who are Cain and Abel?)

Adam and Eve

Phil
    $800 18
a canary

Tucker
    $800 22
Liz Lemon

Phil
    $800 25
a polymer

Phil
    $800 13
Uzbekistan

Becca
    $1200 3
banjos

Becca
    $1200 8
Elijah and Elisha

Phil
    $1200 19
blazes

Triple Stumper
    $1200 23
Rotten Tomatoes

Becca
    $2,000 28
a stroke

Becca
    $1200 14
Kyrgyzstan

Tucker
    $1600 5
(Becca: What is Berkeley?)

Caltech

BeccaPhil
    $1600 9
(Tucker: Who are Jesus and Lazarus?)

Jesus and Peter

TuckerBecca
    $1600 20
big as life

Triple Stumper
    $1600 26
the Black Eyed Peas

Becca
    $1600 29
annihilation

Triple Stumper
    $1600 15
Kazakhstan

Becca
    $2000 6
the goat

Phil
    $2000 10
Ruth and Naomi

Phil
    $2000 21
Newcastle

Phil
    $2000 27
Pineapple Express

Becca
    $2000 30
trilobites

Becca
    $2000 16
Turkmenistan

Phil

Scores at the end of the Double Jeopardy! Round:

Tucker Becca Phil
$5,200 $22,200 $16,900

[wagering suggestions for these scores]

Final Jeopardy! Round responses

BOOKS & AUTHORS
(Alex: He went to Princeton, but he did not graduate at Princeton.)
TuckerWho was Arnold Toynbee?
$311
PhilWho is F. Scott Fitzgerald
$16,500
BeccaWho is F. Scott Fitzgerald
$5,300
F. Scott Fitzgerald

Final scores:

Tucker Becca Phil
$4,889 $27,500 $33,400
3rd place: $1,000 2nd place: $2,000 New champion: $33,400

Game dynamics:

Coryat scores:

Tucker Becca Phil
$5,200 $20,400 $19,400
12 R,
2 W
24 R
(including 2 DDs),
1 W
20 R,
2 W
(including 1 DD)

Combined Coryat: $45,000

The J! Archive is created by fans, for fans. The Jeopardy! game show and all elements thereof, including but not limited to copyright and trademark thereto, are the property of Jeopardy Productions, Inc. and are protected under law. This website is not affiliated with, sponsored by, or operated by Jeopardy Productions, Inc. Join the discussion at JBoard.tv.